Thomas Trains Quiz Stats

 Plays Quiz not verified by Sporcle

Support Sporcle.
Go Orange.
Score 0/121 Timer 10:00
0 Plays Today
Train % Correct
Thomas
98.9%
Percy
96.8%
Gordon
96%
James
95.5%
Henry
95.3%
Edward
94.1%
Toby
93.2%
Duck
89.2%
Donald
87.7%
Diesel
87%
Class 40
87%
Douglas
86.6%
Bill
84.7%
Ben
84.5%
Oliver
81.7%
Bert
81.3%
Bert
81.3%
Emily
81.3%
Skarloey
78.3%
Spencer
77.3%
Annie
77.1%
Clarabel
75.8%
Peter Sam
74.9%
Diesel 10
72.6%
Rheneas
72.2%
Sir Handel
72%
'Arry
71.8%
Bertie
70.3%
Mavis
69.9%
Salty
69.2%
Murdoch
69.2%
Duncan
69%
Daisy
68.8%
Rusty
67.7%
Hiro
66.2%
Den
66%
BoCo
65.4%
Duke
64.3%
Bash
63.3%
Dash
63.1%
Victor
62.6%
Train % Correct
Stepney
62%
Trevor
62%
Rosie
61.8%
Molly
61.4%
Dart
60.5%
Dodge
60.1%
Toad
59.9%
Fergus
59.7%
Harvey
59.7%
Arthur
59.2%
Derek
58.8%
Charlie
58.6%
Splatter
58.6%
Ferdinand
58.2%
Fearless Freddie
58%
Jack
57.7%
Belle
57.7%
Mike
57.5%
Mighty Mac
56.9%
Kevin
56.9%
Whiff
56.9%
Flynn
55.6%
Terence
55.6%
Terence
55.4%
Hank
55.2%
Neville
54.8%
Dennis
54.1%
Smudger
53.9%
Scruff
53.9%
Rex
53.7%
Bulgy
53.3%
Alfie
53.1%
Henrietta
53.1%
Elizabeth
52%
Elizabeth
52%
Flora
52%
Rocky
51.8%
Max
51.2%
Caroline
50.1%
Monty
49.7%
Kelly
49.5%
Train % Correct
Old Slow Coach
49.5%
Bulstrode
49.3%
George
48.6%
Patrick
47.8%
Patrick
47.8%
Flying Scotsman
46.9%
Byron
46.3%
Nelson
45.9%
Buster
45.2%
Frank
44.8%
Captain
44.8%
Culdee
44.4%
Ned
44.2%
Jock
43.3%
Isobella
42%
Hector
42%
Lorry 1
42%
Lorry 2
42%
Lorry 3
42%
Hector
42%
City of Truro
41.6%
Spamcan
39.7%
Ivo Hugh
39.3%
Northwest Brakevan
38.4%
Thumper
38%
Godred
37.8%
Neil
36.9%
Wilbert
36.7%
Catherine
35.7%
Ada
35%
Jane
34.2%
Mabel
34%
Isabel
21.9%
Lucy
16.8%
Beatrice
16.8%
Ruth
16.6%
Jemima
16.6%
Agnes
16.3%
Dulcie
16.3%

You're not logged in!

Compare scores with friends on all Sporcle quizzes.
OR
Log In

From the Vault

4 to 13 Letter 'E' Places

by FilipinoBreloom

Luckily, Eyjafjallajökull has 16 letters, so you won't have to spell it today.
Remove Ads.
Support Sporcle.
Get the best of Sporcle when you Go Orange. This ad-free experience offers more features, more stats, and more fun while also helping to support Sporcle. Thank you for becoming a member.

Show Comments

Extras

Created Mar 9, 2011ReportNominate
Tags:thomas

Top Quizzes Today


Score Distribution

Your Account Isn't Verified!

In order to create a playlist on Sporcle, you need to verify the email address you used during registration. Go to your Sporcle Settings to finish the process.

Report this User

Report this user for behavior that violates our Community Guidelines.

Details: